=LDR 00000nam 2200000 4500 =001 INLIS000000000031401 =005 20130612133457 =008 ***********************************Ind** =035 ##$$0010-061300000031401 =041 ##$$a Ind =082 ##$$a 629.2 =090 ##$$a 629.2, Mon, p =245 ##$$a Penuntun Montir Mobil, penerjemah Siswadhi S =260 ##$$a 1995 $b Jakarta =300 ##$$a 152 hlm, ilus., 20 cm =650 ##$$a Mobil-Montir =850 ##$$a NBPNMAT